00314nam a2200109Ia 450000500170000000800410001710000180005824500770007626000160015330000110016965000240018020260328101455.0260328s9999||||xx |||||||||||||| ||und|| aOka, Hideyuki 0aHow to wrap five eggs :b Traditional Japanese packaging /cHideyuki Oka bWeatherhill a223 p. aDISEÑO INDUSTRIAL